<?xml version="1.0" encoding="UTF-8"?>
<collection xmlns="http://www.loc.gov/MARC21/slim">
 <record>
  <leader>01595nam a2200205Ia 4500</leader>
  <controlfield tag="001">CTU_27905</controlfield>
  <controlfield tag="008">210402s9999    xx            000 0 und d</controlfield>
  <datafield tag="020" ind1=" " ind2=" ">
   <subfield code="b">33.000đ</subfield>
  </datafield>
  <datafield tag="082" ind1=" " ind2=" ">
   <subfield code="a">333.7932</subfield>
  </datafield>
  <datafield tag="082" ind1=" " ind2=" ">
   <subfield code="b">Qu106</subfield>
  </datafield>
  <datafield tag="100" ind1=" " ind2=" ">
   <subfield code="a">Ngô, Hồng Quang</subfield>
  </datafield>
  <datafield tag="245" ind1=" " ind2="0">
   <subfield code="a">Thiết kế cấp điện (Dự toán, thủ tục thiết kế, thiết kế thực tế, lắp đặt)</subfield>
  </datafield>
  <datafield tag="245" ind1=" " ind2="0">
   <subfield code="c">Ngô Hồng Quang, Vũ Văn Tẩm</subfield>
  </datafield>
  <datafield tag="260" ind1=" " ind2=" ">
   <subfield code="a">Hà Nội</subfield>
  </datafield>
  <datafield tag="260" ind1=" " ind2=" ">
   <subfield code="b">KHKT</subfield>
  </datafield>
  <datafield tag="260" ind1=" " ind2=" ">
   <subfield code="c">1998</subfield>
  </datafield>
  <datafield tag="520" ind1=" " ind2=" ">
   <subfield code="a">Sách trình bày những bước thiết kế cần thiết, dẫn ra những công thức tính toán để thiết kế một mạng cấp điện thích hợp với từng địa bàn (xí nghiệp, nông thôn, thành thị). Sách cũng hướng dẫn thiết kế bộ tự động đóng nguồn dự phòng diesel cho các khách sạn và xí nghiệp, thiết kế bộ tự động điều chỉnh dung lượng bù, các mạch tự động điều khiển và điều khiển xa mạng điện gia đình... Ngoài ra, sách còn cung cấp thông số và hướng dẫn tra cứu, sử dụng thiết bị cao hạ áp của các hãng nổi tiếng thế giới (Siemens, Merlin Gerlin, Furukawa, Delta, Change, ABB, Clipsal, Golstar...)</subfield>
  </datafield>
  <datafield tag="650" ind1=" " ind2=" ">
   <subfield code="a">electric engineering,electric lines,electric power distribution</subfield>
  </datafield>
  <datafield tag="904" ind1=" " ind2=" ">
   <subfield code="i">Minh, 990108</subfield>
  </datafield>
  <datafield tag="980" ind1=" " ind2=" ">
   <subfield code="a">Trung tâm Học liệu Trường Đại học Cần Thơ</subfield>
  </datafield>
 </record>
</collection>
